| 000 | 01095nam a2200325 i 4500 | ||
|---|---|---|---|
| 001 | 8912 | ||
| 003 | KOSZ 005 | ||
| 005 | 20200630132819.0 | ||
| 008 | 070821s1970 pl a f 001 0 pol | ||
| 015 | _aPB 1970/8193 | ||
| 040 |
_aWA N _cWA N _dKOSZ 005/RW |
||
| 041 | 1 |
_apol _hrus |
|
| 080 | _a517.97 | ||
| 100 | 1 |
_aGel'fand, Izrail Moiseevič _d(1913- ). |
|
| 245 | 1 | 0 |
_aRachunek wariacyjny / _cI. M. Gelfand, S. W. Fomin ; [tł. Miroslaw Mochnacki]. |
| 246 | 1 |
_iTyt. oryg.: _aVariacionnoe isčislenie. |
|
| 260 |
_aWarszawa : _bPaństwowe Wydawnictwo Naukowe, _c1970. |
||
| 300 |
_a268 stron : _bilustracje ; _c23 cm. |
||
| 336 |
_2rdacontent _aTekst _btxt |
||
| 337 |
_2rdamedia _aBez urządzenia pośredniczącego _bn |
||
| 338 |
_2rdacarrier _aWolumin _bnc |
||
| 380 | _aKsiążki | ||
| 504 | _aIndeks. | ||
| 658 | _aMatematyka | ||
| 650 | 4 | _aRachunek wariacyjny | |
| 700 | 1 |
_aFomin, Sergej Vasil'evič _d(1917-1975) |
|
| 700 | 1 |
_aMochnacki, Mirosław _d(1904-1970) _eTłumaczenie |
|
| 710 | 2 |
_aPaństwowe Wydawnictwo Naukowe _4pbl. |
|
| 942 |
_2UKD _cKS |
||
| 999 |
_c8912 _d8912 |
||